000 00861nam a22002297a 4500
005 20240530110530.0
008 160316s2013 ua a g b 000 0 ara d
020 _a9789776264441
040 _aEG-CaGPL
082 0 4 _221
_a347.072\
_bى م
100 0 _aيوسف ربيع .
245 1 2 _aالمرجع فى فنون المحاماه /
_cيوسف ربيع ، ايهاب عبدالمطلب .
250 _aط1.
260 _aالقاهرة :
_bالمركز القومى لاصدارات القانونية ،
_c2013 .
300 _a3 ج ؛
_c24 سم .
650 0 4 _aقانون المرافعات
_zمصر .
650 0 4 _aالدعوى الجنائية .
650 0 4 _aالشركات
_xقوانين و تشريعات .
700 0 _aايهاب عبدالمطلب
_eمؤلف مشارك .
942 _2ddc
_cBK
999 _c62065
_d62065